000
00250nam a2200097Ia 4500
008
230915s9999 xx 000 0 und d
050
_a
S 531 .O39
100
_a
OKORIE,J.U
245
0
_a
AGRICULTURAL SCIENCE FOR TEACHER TRAINING COLLEGES
942
_c
BK
999
_c
201506
_d
201506